000 00770nam a2200253Ia 4500
003 OSt
005 20220926030220.0
006 a|||||r|||| 00| 0
007 ta
008 220923b |||||||| |||| 00| 0 eng d
037 _cGeneral Book
040 _aRTL
_cRTL
_beng
041 _2eng
_aeng
082 _aY73(MY6).79162.N7, L9
100 _aFlores-Ochoa Jorge A
_9333846
245 0 _aPastoralists of the Anes
_b The Alpaca herders of Pa
260 _aPhiladelphia
_bISHI
_c1979
300 _a134p
_ccm.
490 _aInstitute for the Study of Human Issues
500 _aBibliography: p 121-124
650 _aEthnology
_935130
942 _hY73(MY6).79162.N7, L9
_cGB
_2CC
999 _c648993
_d648993